Byene/Tettstedene i Sogn og Fjordane over 2,000 innbyggere - Statistics

General Stats
  • This quiz has been taken 24 times
  • The average score is 7 of 10
Answer Stats
Befolkning By % Correct
9,029 Florø
95%
10,315 Førde
95%
3,943 Sogndalsfjøra
95%
2,482 Stryn
73%
2,139 Hermansverk / Leikanger
64%
2,360 Sandane
64%
3,252 Måløy
59%
3,170 Øvre Årdal
59%
2,938 Nordfjordeid
55%
2,176 Høyanger
50%
No matching quizzes found
Score Distribution
Percent of People with Each Score
Percentile by Number Answered
Your Score History
You have not taken this quiz